000 00218 a2200109 4500
020 _a9780590026116
041 _aeng
100 _aPaulette Bourgeois
245 _aFranklins Christmas Gift
942 _cBK
952 _71
999 _c22694
_d22694